• 首页
  • 本馆介绍
  • 公告通知
  • 最新文献
  • 馆藏检索
  • 电子资源
  • 读者导购
  • 参考咨询
  • 我的图书馆
  • 登录
  • 详细信息显示
  • 放入我的书架
  • 预约/预借图书
  • 作者相关作品
  • 分类相关作品
  • 丛书相关作品
  • 出版社相关作品

书目信息

  • 表格格式
  • 工作单格式
  • 卡片格式
题名:
员工心理危机的紧急干预与防范
    
 
作者: 赵秀娟 编著
分册:  
出版信息: 北京   企业管理出版社  2016
页数: 200页
开本: 24cm
丛书名:
单 册:
中图分类: R493
科图分类:
主题词: 企业--职工--心理干预--研究
电子资源:
ISBN: 978-7-5164-1278-7
000 00825nam0 2200217 450
001 1289
005 20180522104815.00
010    @a978-7-5164-1278-7@dCNY36.00
100    @a20160826d2016 em y0chiy50 ea
101 0  @achi
102    @aCN@b110000
105    @ay z 000yy
200 1  @a员工心理危机的紧急干预与防范@9yuan gong xin li wei ji de jin ji gan yu yu fang fan@f赵秀娟编著
210    @a北京@c企业管理出版社@d2016
215    @a200页@d24cm
330    @a本书根据专业的心理学知识,从企业管理者的角度出发,用通俗易懂的方式阐述了一系列能够帮助管理者对员工心理危机进行干预和预防的方法和措施,旨在为管理者与员工心理危机对抗的漫长“征途”中提供最大的帮助。
606 0  @a企业@x职工@x心理干预@x研究
690    @aR493@v5
701  0 @a赵秀娟@9zhao xiu juan@4编著
801  0 @aCN@b91MARC@c20160826
905    @aMuseLib@dR493@e117
    
    员工心理危机的紧急干预与防范/赵秀娟编著.-北京:企业管理出版社,2016
    200页;24cm
    
    
    ISBN 978-7-5164-1278-7:CNY36.00
    本书根据专业的心理学知识,从企业管理者的角度出发,用通俗易懂的方式阐述了一系列能够帮助管理者对员工心理危机进行干预和预防的方法和措施,旨在为管理者与员工心理危机对抗的漫长“征途”中提供最大的帮助。
●
相关链接 在E读中查询图书 在五车中查询图书 在当当中查询图书 在豆瓣中查询图书


正题名:员工心理危机的紧急干预与防范     索取号:R493/117         预约/预借

序号 登录号 条形码 馆藏地/架位号 状态 备注
1 1103634   211036341   第二样本阅览室/ [索取号:R493/117] 在馆    
2 1103635   211036350   教育系资料室/ [索取号:R493/117] 在馆    
3 1103636   211036369   教育系资料室/ [索取号:R493/117] 在馆    
4 1103637   211036378   教育系资料室/ [索取号:R493/117] 在馆    
5 1103638   211036387   第三借阅区/ [索取号:R493/117] 在馆    
6 1103639   211036396   第三借阅区/ [索取号:R493/117] 在馆    
唐山师范学院图书馆 欢迎您!
大连网信软件有限公司© 版权所有